MARC details
| 000 -LEADER |
| campo de control de longitud fija |
01735nam a2200373 i 4500 |
| 001 - NÚMERO DE CONTROL |
| campo de control |
185329 |
| 003 - IDENTIFICADOR DE NÚMERO DE CONTROL |
| campo de control |
SpMaBN |
| 005 - FECHA Y HORA DE LA ÚLTIMA TRANSACCIÓN |
| campo de control |
20250901054730.0 |
| 008 - DATOS DE LONGITUD FIJA--INFORMACIÓN GENERAL |
| campo de control de longitud fija |
160520s2016 sp 001 0dspa d |
| 017 ## - NÚMERO DE COPYRIGHT O DE DEPÓSITO LEGAL |
| Número de copyright o de depósito legal |
M 26076-2015 |
| Agencia que asigna |
Oficina Depósito Legal Madrid |
| 020 ## - NÚMERO INTERNACIONAL ESTÁNDAR DEL LIBRO |
| Número Internacional Estándar del Libro |
9788416032754 |
| 040 ## - FUENTE DE CATALOGACIÓN |
| Centro/agencia transcriptor |
SpMaBN |
| 080 ## - NÚMERO DE LA CLASIFICACIÓN DECIMAL UNIVERSAL |
| Número de la Clasificación Decimal Universal |
821.134.2 Gimeno de Flaquer, Concepción 1.07 |
| 080 ## - NÚMERO DE LA CLASIFICACIÓN DECIMAL UNIVERSAL |
| Número de la Clasificación Decimal Universal |
141.72 |
| 100 1# - ENTRADA PRINCIPAL--NOMBRE DE PERSONA |
| Nombre de persona |
Pintos, Margarita, |
| Fechas asociadas al nombre |
1947- |
| Término indicativo de función/relación |
Autor |
| 9 (RLIN) |
159591 |
| 245 10 - MENCIÓN DEL TÍTULO |
| Título |
Concepción Gimeno de Flaquer : |
| Resto del título |
del "sí" de las niñas al "yo" de las mujeres / |
| Mención de responsabilidad, etc. |
Margarita Pintos de Cea-Naharro. |
| 250 ## - MENCION DE EDICION |
| Mención de edición |
Primera edición: 2016 |
| 260 ## - PUBLICACIÓN, DISTRIBUCIÓN, ETC. |
| Lugar de publicación, distribución, etc. |
Pozuelo de Alarcón, Madrid : |
| Nombre del editor, distribuidor, etc. |
Plaza y Valdés, |
| Fecha de publicación, distribución, etc. |
2016 |
| 300 ## - DESCRIPCIÓN FÍSICA |
| Extensión |
281 páginas ; |
| Dimensiones |
23 cm. |
| 490 1# - MENCIÓN DE SERIE |
| Mención de serie |
Calíope: colección iberoamericana de estudios de género y teoría feminista ; |
| Designación de volumen o secuencia |
9 |
| 500 ## - NOTA GENERAL |
| Nota general |
En portada: Universidad Carlos III de Madrid ; Instituto Universitario de Estudios de Género , Locus Solus |
| 504 ## - NOTA DE BIBLIOGRAFÍA, ETC. |
| Nota de bibliografía, etc. |
Bibliografía: páginas [247]-281 |
| 505 8# - NOTA DE CONTENIDO CON FORMATO |
| Nota de contenido con formato |
México: El Álbum de la mujer (1883-1890) ; Madrid: El Álbum ibero americano (1890-1911) |
| 600 17 - PUNTO DE ACCESO ADICIONAL DE MATERIA--NOMBRE DE PERSONA |
| Nombre de persona |
Gimeno de Flaquer, Concepción- |
| Subdivisión general |
Crítica e interpretación. |
| 9 (RLIN) |
159592 |
| 650 #7 - PUNTO DE ACCESO ADICIONAL DE MATERIA--TÉRMINO DE MATERIA |
| Término de materia o nombre geográfico como elemento de entrada |
Teoría feminista |
| Fuente del encabezamiento o término |
embne |
| 9 (RLIN) |
17476 |
| 740 32 - ENTRADA AGREGADA--TÍTULO RELACIONADO/ANALÍTICO NO CONTROLADO |
| Título relacionado o analítico no controlado |
El Álbum de la mujer (1883-1890) |
| 740 32 - ENTRADA AGREGADA--TÍTULO RELACIONADO/ANALÍTICO NO CONTROLADO |
| Título relacionado o analítico no controlado |
El Álbum ibero americano (1890-1911) |
| 830 10 - PUNTO DE ACCESO ADICIONAL DE SERIE-TÍTULO UNIFORME |
| Título uniforme |
Calíope: colección iberoamericana de estudios de género y teoría feminista |
| Designación de volumen o secuencia |
9 |
| 9 (RLIN) |
225190 |
| 852 ## - LOCALIZACIÓN |
| Ubicación |
ES-MaACL |
| Número de control de estantería |
A-13769 |
| Ubicación en estantería |
Depósito 1 |
| Sublocalización o colección |
R.151069 |
| Signatura antigua |
Olim: N-6769 |
| itemnumber |
192355 |
| Donativo/Legado |
Donación: Editorial |
| 852 4# - LOCALIZACIÓN |
| Ubicación |
ES-MaACL |
| Número de control de estantería |
N-8232/Ej.1 |
| Ubicación en estantería |
Depósito J |
| Nota libre |
X-25 |
| itemnumber |
192354 |
| Donativo/Legado |
Donación: Editorial |
| 942 ## - ELEMENTOS DE ENTRADA SECUNDARIOS (KOHA) |
| Tipo de ítem Koha |
Libro impreso |
| Suprimir en OPAC |
No |